Normal view
MARC view
- EKEY, D. C,WINTER, W. P
Entry Personal Name
001 - CONTROL NUMBER
- control field: 56858
003 - CONTROL NUMBER IDENTIFIER
- control field: NUST
005 - DATE AND TIME OF LATEST TRANSACTION
- control field: 20210628201806.0
008 - FIXED-LENGTH DATA ELEMENTS
- fixed length control field: 210628|| aca||aabn | a|a d
040 ## - CATALOGING SOURCE
- Original cataloging agency: NUST
- Transcribing agency: NUST
100 ## - HEADING--PERSONAL NAME
- Personal name: EKEY, D. C,WINTER, W. P
670 ## - SOURCE DATA FOUND
- Source citation: Work cat.: (NUST): EKEY, D. C,WINTER, W. P, INTRODUCTION TO FOUNDRY TECHNOLOGY, 1958
